| 000 | 00468nam a22001817a 4500 | ||
|---|---|---|---|
| 003 | MPLRDC | ||
| 005 | 20220104114728.0 | ||
| 008 | 210129b ||||| |||| 00| 0 eng d | ||
| 082 | _a229.1 LY | ||
| 100 | _a凌云、莫佩娴译 | ||
| 245 |
_a佛陀的生涯. 图说版 _c |
||
| 250 | _a初版 | ||
| 260 |
_a _b汉欣文化公司 _c1985 |
||
| 300 | _b平 | ||
| 490 | _a励志修身系列.14 | ||
| 650 | _a佛教传记--释迦牟尼; 佛传 | ||
| 942 |
_cBK _o229.1 LY |
||
| 999 |
_c9755 _d9745 |
||